[Event "Veliko Tarnovo op"]
[Site "Veliko Tarnovo"]
[Date "2013.05.03"]
[Round "5"]
[White "Nevednichy, Boris M"]
[Black "Ivanova, Simoneta"]
[Result "1-0"]
[WhiteElo "2213"]
[BlackElo "2006"]
[PlyCount "103"]
[EventDate "2013.05.01"]
[EventType "swiss"]
[EventRounds "9"]
[EventCountry "BUL"]
[SourceTitle "CBM 154 Extra"]
[Source "ChessBase"]
[SourceDate "2013.06.25"]
[SourceVersion "2"]
[SourceVersionDate "2013.06.25"]
[SourceQuality "1"]

1. e4 c5 2. Nf3 e6 3. d3 Nc6 4. g3 Nge7 5. Bg2 g6 6. 0-0 Bg7 7. c3 e5 8. a3 d6 9. b4 a6 10. Be3 b6 11. Qd2 0-0 12. a4 cxb4 13. cxb4 d5 14. Na3 Bb7 15. Qb2 dxe4 16. dxe4 Nd4 17. Rfd1 Nec6 18. Nc2 Nxf3+ 19. Bxf3 Qc7 20. Bg2 Rad8 21. Qc3 Rxd1+ 22. Rxd1 Rd8 23. Rd5 b5 24. axb5 axb5 25. Bf1 Qe7 26. Bb6 Rc8 27. Rc5 Qe6 28. Bxb5 Ne7 29. Rxc8+ Nxc8 30. Bc5 Bxe4 31. Qd2 Qd5 32. Qxd5 Bxd5 33. Ne3 Be6 34. Bc4 Bf8 35. Bxe6 fxe6 36. Nc4 e4 37. Kf1 Bxc5 38. bxc5 Kf7 39. Ke2 e5 40. Ke3 Ke6 41. Kxe4 Ne7 42. Nxe5 Nd5 43. Nf3 Nf6+ 44. Kd4 h6 45. h3 Nd5 46. Kc4 Nc7 47. Nd4+ Ke5 48. f4+ Ke4 49. Nb5 Ne6 50. c6 g5 51. f5 Kxf5 52. Nd4+ 1-0

[Event "EU-ch Seniors rap"]
[Site "Plovdiv"]
[Date "2013.03.21"]
[Round "7"]
[White "Gasik, Piotr"]
[Black "Nevednichy, Boris M"]
[Result "1-0"]
[WhiteElo "2120"]
[BlackElo "2209"]
[PlyCount "71"]
[EventDate "2013.03.20"]
[EventType "swiss (rapid)"]
[EventRounds "9"]
[EventCountry "BUL"]
[SourceTitle "EXT 2014"]
[Source "ChessBase"]
[SourceDate "2013.11.20"]
[SourceVersion "1"]
[SourceVersionDate "2013.11.20"]
[SourceQuality "1"]

1. c4 e5 2. Nf3 e4 3. Nd4 Nf6 4. Nc3 Bb4 5. g3 0-0 6. Bg2 Re8 7. Qb3 Bc5 8. Nc2 Nc6 9. Na4 d6 10. Qc3 a5 11. Nxc5 dxc5 12. 0-0 Nd4 13. Re1 Bg4 14. Kf1 Qd7 15. b3 b6 16. Bb2 Rad8 17. Rac1 h5 18. Qe3 h4 19. Qg5 hxg3 20. hxg3 Bh3 21. Qh4 Bg4 22. Nxd4 cxd4 23. f3 exf3 24. exf3 Bf5 25. Rxe8+ Nxe8 26. Kf2 Nf6 27. Rh1 Nh7 28. Bh3 c5 29. Bxf5 Qxf5 30. Qxd8+ Nf8 31. Qh4 Ng6 32. Qe4 Qxe4 33. fxe4 Ne5 34. Ke2 f6 35. d3 Nc6 36. Bc1 1-0

[Event "EU-ch Seniors 13th"]
[Site "Plovdiv"]
[Date "2013.03.19"]
[Round "9"]
[White "Nevednichy, Boris M"]
[Black "Batakovs, Olegs N"]
[Result "1-0"]
[WhiteElo "2209"]
[BlackElo "2123"]
[PlyCount "69"]
[EventDate "2013.03.11"]
[EventType "swiss"]
[EventRounds "9"]
[EventCountry "BUL"]
[SourceTitle "CBM 153 Extra"]
[Source "ChessBase"]
[SourceDate "2013.04.22"]
[SourceVersion "1"]
[SourceVersionDate "2013.04.22"]
[SourceQuality "1"]

1. e4 c5 2. Nf3 e6 3. d3 Nc6 4. g3 g6 5. Bg2 Bg7 6. 0-0 d5 7. Nbd2 Nge7 8. Re1 0-0 9. c3 b6 10. e5 Qc7 11. Qe2 Ba6 12. Nf1 b5 13. a3 c4 14. d4 Bb7 15. Bf4 a5 16. h4 b4 17. Ne3 bxc3 18. bxc3 Ba6 19. Ng4 Rab8 20. Nf6+ Kh8 21. Ng5 h6 22. Ngh7 Rfd8 23. Qd2 Ng8 24. Nxg8 Kxg8 25. Nf6+ Kf8 26. Bxh6 Rb3 27. Rec1 Ne7 28. Qg5 a4 29. h5 Nf5 30. Bxg7+ Kxg7 31. g4 Nh6 32. Bf3 Ng8 33. Kg2 Qe7 34. Rh1 Rxc3 35. hxg6 1-0

[Event "EU-ch Seniors 13th"]
[Site "Plovdiv"]
[Date "2013.03.16"]
[Round "6"]
[White "Shvedchikov, Anatoli I"]
[Black "Nevednichy, Boris M"]
[Result "1-0"]
[WhiteElo "2359"]
[BlackElo "2209"]
[PlyCount "76"]
[EventDate "2013.03.11"]
[EventType "swiss"]
[EventRounds "9"]
[EventCountry "BUL"]
[SourceTitle "CBM 153 Extra"]
[Source "ChessBase"]
[SourceDate "2013.04.22"]
[SourceVersion "1"]
[SourceVersionDate "2013.04.22"]
[SourceQuality "1"]

1. c4 c6 2. e4 d5 3. exd5 cxd5 4. cxd5 Nf6 5. Qa4+ Nbd7 6. Nc3 g6 7. Be2 Bg7 8. Bf3 0-0 9. d4 Nb6 10. Qb3 a5 11. Bg5 a4 12. Qb5 Ne8 13. Nge2 Nd6 14. Qb4 Ra6 15. Ng3 Nbc4 16. Nxa4 Bxd4 17. Rd1 Bg7 18. b3 Bd7 19. 0-0 Bxa4 20. bxa4 Nb2 21. Rd2 Nxa4 22. Rc2 h6 23. Be3 Qa5 24. Qh4 g5 25. Qh5 Qd8 26. h4 f6 27. hxg5 fxg5 28. Bg4 Qe8 29. Be6+ Kh8 30. Qg4 Qg6 31. Rc7 Nb6 32. Rxe7 Ra4 33. Qd1 Rb4 34. Bc5 Rh4 35. Bxd6 Nc8 36. Rxg7 Qxg7 37. Bxf8 Qxf8 38. Nf5 Rf4 1-0